000 00456nam a2200169Ia 4500
003 GCL
008 140319s9999 xx 000 0 ara d
040 _aGCL /
_cGCL
082 0 4 _a229.5
_bس ن
245 1 0 _aالنبى ابراهيم والتاريخ المجهول
300 _a192 ص
490 _aكتاب
_v0
650 0 4 _aالانبياء
650 0 4 _aقصص الانبياء
650 0 4 _aابراهيم عليه السلام
942 _2ddc
_cBK
999 _c43105
_d43105